00858nam a2200241 a 450000100060000000300090000600800410001502000150005604000280007108200180009910000340011724500660015126000410021730000150025849000270027359000470030065000290034765000290037665000290040594200120043499900170044695201530046318940CO-ViMGA141112s2004 ck r 000 u spa d a8449305683 aCO-ViMGAbspacCO-ViMGA04a790.1922 K7151 aKranowitz, Carol Stock92706610a101 actividades para entretener a tu hijo en lugares cerrados aBarcelona : bGedisa Editorial; 1998 a193 p. il. aGuía para padres; 37 aForma de adquisición : Premio Mincultura14aJUEGOS DIDACTICOS91549714aJUEGOS EDUCATIVOS91844714aJUEGOS INFANTILES910241 2ddccBK c28133d28133 00102ddc40708003aMEVIECARbMEVIECARd2015-12-04hVolumen. 1 | 11/jun/2009l0o790.1922 K715 p18940r2015-12-04 00:00:00tEj. 1w2015-12-04yBK